000 00415nam a2200157Ia 4500
005 20250401115516.0
008 231217s9999 xx 000 0 und d
020 _a9788131404157
082 _a658.1 SEE;1 R
100 _aSeethapathi, K.
245 0 _aFinancial strategy : conceptual issues
260 _c2006
_bIcfai
_aHyderabad
300 _av, 242
650 _aFinancial,strategy,conceptual
942 _cAA
999 _c189452
_d189452